Normal view
MARC view
- Hincha Guo, Jun Suchenwith, R
Entry Personal Name
001 - CONTROL NUMBER
- control field: 74027
003 - CONTROL NUMBER IDENTIFIER
- control field: NUST
005 - DATE AND TIME OF LATEST TRANSACTION
- control field: 20210628205122.0
008 - FIXED-LENGTH DATA ELEMENTS
- fixed length control field: 210628|| aca||aabn | a|a d
040 ## - CATALOGING SOURCE
- Original cataloging agency: NUST
- Transcribing agency: NUST
100 ## - HEADING--PERSONAL NAME
- Personal name: Hincha Guo, Jun Suchenwith, R
670 ## - SOURCE DATA FOUND
- Source citation: Work cat.: (NUST): Hincha Guo, Jun Suchenwith, R, Optical recognition of chines characters advances in control systems and signal processing, 1989
